00333nam a2200121Ia 4500008004100000041000800041082001500049100002100064245004500085260003700130300003200167365001200199240624s9999 xx 000 0 und d aeng a300.72 PAR aPARTINGTON DAVID aESSENTIAL SKILLS FOR MANAGEMENT RESEARCH c2002aLondonbSage International axxiv, : 282 : p. : cm. ; 24 cGBPb38